ROSÉ - dance all night (All Lyrics) - Statistics

General Stats
  • This quiz has been taken 11 times
  • The average score is 254 of 292
Answer Stats
% Correct
a
100%
all
100%
And
100%
and
100%
dance
100%
Dance
100%
I
100%
if
100%
me
100%
night
100%
Night
100%
was
100%
we
100%
about
89%
anything
89%
asked
89%
be
89%
Be
89%
bed
89%
birds
89%
But
89%
change
89%
didn't
89%
don't
89%
for
89%
I'd
89%
I'm
89%
in
89%
life
89%
little
89%
my
89%
of
89%
Oh
89%
on
89%
say
89%
so
89%
that
89%
The
89%
the
89%
there
89%
there's
89%
things
89%
to
89%
what
89%
When
89%
while
89%
would
89%
wouldn't
89%
you
89%
You
89%
came
78%
can
78%
care
78%
could
78%
doin'
78%
edge
78%
every
78%
face
78%
Got
78%
head
78%
hitting
78%
know
78%
let
78%
Let
78%
maybe
78%
Not
78%
not
78%
obsess
78%
okay
78%
one
78%
out
78%
Over
78%
regret
78%
sat
78%
stay
78%
talked
78%
them
78%
they
78%
today
78%
two
78%
'Cause
67%
chance
67%
heartache
67%
I'll
67%
lead
67%
now
67%
said
67%
spontaneous
67%
sunlight
67%
Three
67%
time
67%
with
67%
words
67%
away
56%
comes
56%
dry
56%
eyes
56%
feelings
56%
forever
56%
Forever
56%
just
56%
laugh
56%
morning
56%
promise
56%
should've
56%
sorrow
56%
this
56%
trust
56%
young
56%
your
56%
hold
44%
tomorrow
44%
we'll
44%
you'll
33%
bettеr
0%
gеt
0%
No matching quizzes found
Score Distribution
Percent of People with Each Score
Percentile by Number Answered
Your Score History
You have not taken this quiz